Name a Valid Pokemon for Each Ability Part 2 (C & D) - Statistics

General Stats
  • This quiz has been taken 45 times
  • The average score is 21 of 27
Answer Stats
Hint Answer % Correct
Chlorophyll Bulbasaur | Ivysaur | Venusaur | Oddish | Gloom | Vileplume | Bellsprout | Weepinbell | Victreebel | Exeggcute | Exeggcutor | Tangela | Bellossom | Hoppip | Skiploom | Jumpluff | Sunkern | Sunflora | Seedot | Nuzleaf | Shiftry | Cherubi | Tangrowth | Leafeon | Sewaddle | Swadloon | Leavanny | Cottonee | Whimsicott | Petilil | Lilligant | Maractus | Deerling | Sawsbuck
97%
Color Change Kecleon
97%
Cheek Pouch Bunnelby | Diggersby | Dedenne | Skwovet | Greedent
88%
Cute Charm Clefairy | Clefable | Jigglypuff | Wigglytuff | Cleffa | Igglybuff | Skitty | Delcatty | Milotic | Lopunny | Minccino | Cinccino | Sylveon | Stufful
88%
Cloud Nine Psyduck | Golduck | Lickitung | Swablu | Altaria | Lickilicky | Drampa
88%
Compound Eyes Butterfree | Venonat | Yanma | Dustox | Nincada | Joltik | Galvantula | Scatterbug | Vivillon | Blipbug | Dottler
85%
Download Porygon | Porygon2 | Porygon-Z | Genesect
85%
Drought Charizard | Vulpix | Ninetales | Torkoal | Groudon
82%
Cursed Body Gengar | Marowak | Corsola | Shuppet | Banette | Froslass | Frillish | Jellicent | Sinistea | Polteageist | Dreepy | Drakloak | Dragapult
82%
Desolate Land Groudon
82%
Disguise Mimikyu
82%
Delta Stream Rayquaza
82%
Defeatist Archen | Archeops
79%
Damp Paras | Parasect | Psyduck | Golduck | Poliwag | Poliwhirl | Poliwrath | Horsea | Seadra | Politoed | Wooper | Quagsire | Kingdra | Mudkip | Marshtomp | Swampert | Frillish | Jellicent
79%
Drizzle Politoed | Pelliper | Kyogre
79%
Clear Body Tentacool | Tentacruel | Beldum | Metang | Metagross | Regirock | Regice | Registeel | Klink | Klang | Klinklang | Carbink | Diancie | Dreepy | Drakloak | Dragapult
79%
Comatose Komala
76%
Contrary Shuckle | Spinda | Snivy | Servine | Serperior | Inkay | Malamar | Fomantis | Lurantis
76%
Dancer Oricorio
74%
Dauntless Shield Zamazenta
74%
Dark Aura YAVELTAL
71%
Dry Skin Paras | Parasect | Jynx | Croagunk | Toxicroak | Helioptile | Heliolisk
68%
Corrosion Salandit | Salazzle
68%
Competetive Jigglypuff | Wigglytuff | Articuno | Igglybuff | Milotic | Gothita | Gothorita | Gothitelle | Meowstic | Boltund
62%
Defiant Mankey | Primape | Farfetch'd | Zapdos | Piplup | Prinplup | Empoleon | Purugly | Pawniard | Bisharp | Braviary | Tornadus | Thundurus | Passimian | Obstagoon | Falinks
62%
Dazzling Bruxish
50%
Cotton Down Gossifleur | Eldegoss
41%
No matching quizzes found
Score Distribution
Percent of People with Each Score
Percentile by Number Answered
Your Score History
You have not taken this quiz